000 00635nam a2200229 a 4500
001 BRCA_5506
005 20190320205117.0
008 030211c1900----sp-a######---#000-0#spa-#
041 _aspa
044 _asp
050 4 _aND813.G6
_b.C37 1900
245 1 0 _aCaprichos de F. Goya.
260 _a[s.l.]
_b[s.n.]
_c[1900]
300 _a1 v. (sin paginación)
_bil., 80 láminas
_c35 cm.
500 _a1 estuche con 80 láminas.
500 _aE181
600 1 4 _aGoya y Lucientes, Francisco Jose de
_d1746-1828
_911075
650 1 4 _aPintores españoles
_97620
650 1 4 _aPinturas españolas
_97789
902 _aGFM
942 _2lcc
_cB
999 _c5200
_d5200